00598nam a22001697a 450000500170000001000150001702000260003203500140005803700130007208200120008510000280009724501030012526000390022827000780026730000330034550000500037820170320152534.0 aENG-117554 a9789386042163c895.00 aEN-101086 bDBAD/PUB a378.954 aYreavdekar, Vidya Rajiv aInternationalization of higher education in India /cby Vidya Rajiv Yeravdekar [and] Gauri Tiwari aNew DelhibSAGE Publicationsc2016 aB 1/I-1 Mohan Corporative Industrial Area Mathura RoadbNew Delhie110044 axIiii,285p. :billc22cm(Hb) aIncludes bibliographical references and index